1182 1777 1044 1968 1396 1679 1254 1155 1468 1976 1460 1650 1364 1241 1165 1362 1512 1233 1046 1920 1074 1602 1938 1433 1492 1084 1168 1431 1817 1174 1570 1331 1675 1638 1765 1163 1155 1168 1523 1499 1009 1969 1317 1711 1071 1117 1422 1724 1012 1818 1920 1617 1748 1168 1386 1286 1251 1574 1654 1704 1169 1366 1269 1688 1451 1058 1487 1445 1462 1504 1281 1244 1044 1101 1102 1423 1626 1863 1878 1175 1055 1698 1911 1776 1757 1220 1070 1571 1282 1814 1478 1657 1024 1999 1070 1230 1409 1668 1072 BCNSPRNW ULIB Ver.6.0+V

เปลี่ยนเป็นภาษาไทย

Change to English
 แสดงรายละเอียดบรรณานุกรม
  กลับหน้าหลัก

Brief Record : Get Marc (ISO 2709) : E-mail record : QR code < ปิดหน้าต่าง
LEADER : 00000nam 2200000uu 4500
001    13399125260
003     ULIB
008    161201s2559||||th 000 0 tha d
060  0 ^aWA546 ล235ก
100 0  ^aผู้ช่วยรองศาสตราจารย์ ดร.ลัฆวี ปิยะบัณฑิตกุล
110 1  ^aสำนักงานสนับสนุนการพัฒนาระบบสุขภาพ^bสำนักงานกองทุนสนับสนุนการสร้างเสริมสุขภาพ
245 00 ^aชุดการเรียนรู้ที่ 5 การสร้างนโยบายสาธารณะเพื่อสุขภาพแบบมีส่วนร่วมการปรับระบบบริการสุขภาพและการสร้างสิ่งแวดล้อมที่เอื้อต่อสุขภาพ=^b Building Participatory,Reorienting Health Services and Creating Healthy Environment /^cผู้ช่วยรองศาสตราจารย์ ดร.ลัฆวี ปิยะบัณฑิตกุล
250    ^aพิมพ์ครั้งที่ 1
260    ^aนนทบุรี:^bบริษัท มาตา การพิมพ์ จำกัด,^c2559
300    ^a60หน้า:^bตาราง;^c29ซม.
650  0 ^การสร้างนโยบาย^bเพื่อสุขภาพ
700 0  ^aการพยาบาล^bการสร้างสิ่งแวดล้อม
710 1  ^aสำนักสนับสนุนการพัฒนาระบบสุขภาพ^bสำนักงานกองทุนสนับสนุนการสร้างเสริมสุขภาพ
945    ^p0^l0^i001570
999    ^aวรรณษา ชูชัยมงคล
รายการนี้ยังไม่มีแท็ก
คุณยังไม่ได้ล็อกอิน คุณสามารถมีกิจกรรมร่วมกับเว็บไซต์ได้ แต่ต้องล็อกอินก่อน ::
  ล็อกอิน

รายการสื่อสารสนเทศ

ลำดับที่ ประเภท เลขเรียก/บาร์โค้ด สถานที่ สถานะ
1. การศึกษาทั่วไป
การศึกษาทั่วไป
สถานะ=หนังสือเก่า
WA546 ล235ก ฉ.1 
  Barcode: 001570
ห้องสมุดวิทยาเขตสวรรค์ประชารักษ์
►ส่วนจัดเก็บหนังสือเก่า สปร
บนชั้น
  ขอยืม

BibComment


ยังไม่เคยถูกคอมเมนท์

คอมเมนท์ทรัพยากรรายการนี้
  คอมเมนท์: ชุดการเรียนรู้ที..


 Copyright 2026. Bcnsprnw @Library